000 02619cam a2200373 a 4500
001 113862
003 BJBSDDR
005 20251016160541.0
007 ta
008 150124s2012 enk b 001 0 eng
010 _a 2012015177
020 _a9781846682445
020 _a1846682444
020 _a9781847654106
035 _a17252972
040 _aDLC
_cDLC
_dDLC
_beng
041 _aeng
042 _apcc
050 1 4 _aBD 511
_bH758w 2012
082 0 0 _a113
100 1 _aHolt, Jim,
_d1954-
_933765
245 1 0 _aWhy does the world exist? :
_ban existential detective story /
_cJim Holt.
260 _aLondon :
_bProfile Books,
_c2012.
300 _avi, 307 pages ;
_c22 cm.
504 _aIncludes bibliographical references and index.
505 0 _aPrologue: A quick proof that there must be something rather than nothing, for modern people who lead busy lives 1. Confronting the mystery Interlude: Could our world have been created by a hacker? 2. Philosophical tour d'horizon Interlude: The arithmetic of nothingness 3. A brief history of nothing 4. The Great Rejectionist 5. Finite or infinite? Interlude: Night thoughts at the Café de Flore 6. The inductive theist of North Oxford Interlude: The supreme brute fact 7. The Magus of the Multiverse Interlude: The end of explanation 8. The ultimate free lunch? Interlude: Nausea 9. Waiting for the final theory Interlude: A word on many worlds 10. Platonic reflections Interlude: It from bit 11. "The ethical requiredness of there being something" Interlude: An Hegelian in Paris 12. The last word from All Souls Epistolary interlude: The proof 13. The world as a bit of light verse 14. The self: do I really exist? 15. Return to nothingness Epilogue: Over the Seine
520 _a"Why is there a world rather than nothing at all? This question remains the most curious and most enduring of all metaphysical mysteries. Moving away from the narrower paths of Christopher Hitchens, Roger Penrose and Stephen Hawking who insist that science alone is capable of explaining how our cosmos came into being, the author enters this debate as he examines our efforts to grasp the origins of the universe. He takes on the role of cosmological detective, and traces the riddle of existence from the ancient world to modern times, suggesting that we might have been too narrow in limiting our suspects to God and the Big Bang theory." --Descripción del editor
650 0 _aCosmology.
650 4 _aCosmología
_96079
650 4 _aOntología.
_92043
650 4 _aExistencialismo
_96165
942 _2lcc
_cBK
946 _irmza
999 _c124132
_d124132